000
00271nam a2200121 a 4500
005
20140414093847.0
008
110304s19uu xx 00 eng d
050
_a
CD 448
_b
FRE 2009
245
_a
French.
650
_a
French language
942
_c
AVM
999
_c
109701
_d
109701